000 00571nam a2200181 i 4500
001 bg
100 1 _aBRZEZIŃSKI, Marek
_d(1949- ).
245 0 _aOrganizacja postawowych procesów produkcyjnych.
_nCz. 1 /
_cMarek Brzeziński ; Politechnika Lubelska.
260 _aLublin :
_bWydawnictwa Uczelniane PL,
_c1992.
300 _a138 s. :
_b1 pl., rys., wykr.
504 _aBibliogr. s. 137-138.
710 _aPOLITECHNIKA LUBELSKA (Lublin)
040 _cBPK
041 _apol
080 _a658.5::66/69](075.8)
942 _cKS
008 s pl f |000 0 pol
999 _c6295
_d6295
856 _uhttp://koha.tu.koszalin.pl/cgi-bin/koha/opac-detail.pl?biblionumber=6295
_yKatalog online BPK